Infinite and finite sets : to Paul Erd"os on his 60th birthday /

محفوظ في:
التفاصيل البيبلوغرافية
مؤلفون مشاركون: Colloquium on Infinite and Finite Sets Keszthely, Hungary, Bolyai János Matematikai Társulat
مؤلفون آخرون: Erdős, Paul, 1913-, Hajnal, A. (Andras), Rado, Richard, 1906-, Sós, Vera T.
التنسيق: وقائع المؤتمر كتاب
اللغة:English
منشور في: Amsterdam : North-Holland Pub. Co., 1975.
سلاسل:Colloquia mathematica Societatis János Bolyai ; v. 10.
الموضوعات:
LEADER 01791nam a2200397 i 4500
001 c000303254
003 CARM
005 00000000000000.0
008 840229s1975 ne 0 eng d
019 1 |a 69847051  |5 LACONCORD2021 
020 |a 0720428149 
035 |a (OCoLC)1622505  |5 LACONCORD2021 
082 0 4 |a 511/.3 
111 2 |a Colloquium on Infinite and Finite Sets  |d (1973 :  |c Keszthely, Hungary) 
245 1 0 |a Infinite and finite sets :  |b to Paul Erd"os on his 60th birthday /  |c edited by A. Hajnal, R. Rado and Vera T. Sos. 
260 |a Amsterdam :  |b North-Holland Pub. Co.,  |c 1975. 
300 |a 3 v. (1555 p.) :  |b ill. ;  |c 25 cm. 
490 0 |a Colloquia mathematica ;  |v v. 10 
500 |a Papers presented at a colloquium organized by the Janos Bolyai Society, June 25-July 1, 1973. 
504 |a Includes bibliographies. 
600 1 0 |a Erdős, Paul,  |d 1913- 
650 0 |a Combinatorial analysis  |x Congresses. 
650 0 |a Set theory  |x Congresses. 
700 1 |a Erdős, Paul,  |d 1913- 
700 1 |a Hajnal, A.  |q (Andras) 
700 1 |a Rado, Richard,  |d 1906- 
700 1 |a Sós, Vera T. 
710 2 |a Bolyai János Matematikai Társulat. 
830 0 |a Colloquia mathematica Societatis János Bolyai ;  |v v. 10. 
852 8 |b CARM  |h A2:AB01B0  |i C10986  |p 0514431  |f BK 
852 8 |b CARM  |h A2:AB01B0  |i C10986  |p 0514430  |f BK 
852 8 |b CARM  |h A2:AB01B0  |i C10986  |p 0514429  |f BK 
999 f f |i c179d21f-63a4-5fb3-bd94-400c1b100596  |s f2933819-49fb-5892-b97f-b94ce874e87d 
952 f f |p Can circulate  |a CAVAL  |b CAVAL  |c CAVAL  |d CARM 1 Store  |e C10986  |f A2:AB01B0  |h Other scheme  |i book  |m 0514431 
952 f f |p Can circulate  |a CAVAL  |b CAVAL  |c CAVAL  |d CARM 1 Store  |e C10986  |f A2:AB01B0  |h Other scheme  |i book  |m 0514430 
952 f f |p Can circulate  |a CAVAL  |b CAVAL  |c CAVAL  |d CARM 1 Store  |e C10986  |f A2:AB01B0  |h Other scheme  |i book  |m 0514429